00574 2200205 4500001002100000005001500021035002000036245008100056100002500137250000600162300003500168700001200203260003900215082001200254084001800266020001800284650003200302990001700334990001700351INLIS00000000000023620180920031601 a0010-09180000901 aSelayang Pandang Sulawesi Utara /cIr. Nugroho Yuananto; Ilustrator, Junarko0 aIr. Nugroho Yuananto a- aiv, 60 hlm. :bilus. ;c21 cm.0 aJunarko aKlaten :bPT Intan Pariwara,c2008 a911.598 a911.598 NUG s a979-28-0457-7 aGeografi Historis Indonesia a00987/P/2018 a00988/P/2018